| 000 | 00996nam a2200241Ia 4500 | ||
|---|---|---|---|
| 999 |
_c40258 _d40258 |
||
| 001 | 6866 | ||
| 003 | GE_BSU | ||
| 005 | 20200130102110.0 | ||
| 008 | 181216s1969||||ge |||||||||||||| ||geo|| | ||
| 040 | _cGE_BSU | ||
| 041 | _ageo | ||
| 080 | _a821.353.1-1 გ-66 | ||
| 100 |
_aგომიაშვილი, ალექსანდრე. _96494 |
||
| 245 |
_aრჩეული : _bლექსები, ბალადები, პოემები / _cალექსანდრე გომიაშვილი ; რედ. ნ. კანდელაკი. |
||
| 264 |
_aთბილისი. _bსაბჭ.საქართველო. _c1969. |
||
| 300 |
_a191 გვ. : _bფოტო-პორტრეტი ; _c17 სმ. |
||
| 653 | _aრჩეული | ||
| 653 | _aლექსები | ||
| 653 | _aბალადები | ||
| 653 | _aპოემები | ||
| 700 |
_aკანდელაკი, ნ. _eრედაქტორი _96508 |
||
| 942 |
_cBK _2udc |
||